| 000 | 00485nam a2200133 a 4500 | ||
|---|---|---|---|
| 001 | 000027404 | ||
| 005 | 20200930030817.0 | ||
| 008 | 130313s2000 dr a 000 0 spa d | ||
| 040 |
_aDO-SdBNP _bspa _cBNPHU |
||
| 111 | 2 |
_aSeminario Latinoamericano de Contadores y Auditores _n(5: _d2000: 19-20 octubre _cSanto Domingo ) _954476 |
|
| 245 | 1 | 0 | _aActualización, tecnología y valor agregado. |
| 260 |
_aSanto Domingo : _bSomos Artes Gráficas, _c2000. |
||
| 300 |
_a352 p. : _bil.,rets. ; _c22 cm. |
||
| 999 |
_c26896 _d26896 |
||